Resonancias / (Record no. 1665)

MARC details
000 -LEADER
campo de control de longitud fija 00769ntaaa2200253 4500
003 - IDENTIFICADOR DE NÚMERO DE CONTROL
campo de control 01
005 - FECHA Y HORA DE LA ÚLTIMA TRANSACCIÓN
campo de control 20251027200726.0
008 - DATOS DE LONGITUD FIJA--INFORMACIÓN GENERAL
campo de control de longitud fija 0714s1973 ag 01
020 ## - NÚMERO INTERNACIONAL ESTÁNDAR DEL LIBRO
Número Internacional Estándar del Libro 9502202791
040 ## - FUENTE DE CATALOGACIÓN
Centro catalogador/agencia de origen AR-BaBN
Lengua de catalogación spa
Centro/agencia transcriptor AR-BaBN
Normas de descripción aacr
Centro/agencia modificador RIC
082 ## - NÚMERO DE LA CLASIFICACIÓN DECIMAL DEWEY
Número de clasificación 780.15 M29r
100 ## - ENTRADA PRINCIPAL--NOMBRE DE PERSONA
Nombre de persona Furnó, Silvia
9 (RLIN) 3619
245 ## - MENCIÓN DEL TÍTULO
Título Resonancias /
Mención de responsabilidad, etc. Silvia Furnó, Susana Espinosa, Silvia Malbrán
250 ## - MENCION DE EDICION
Mención de edición 1 ed.
260 ## - PUBLICACIÓN, DISTRIBUCIÓN, ETC.
Lugar de publicación, distribución, etc. Buenos Aires :
Nombre del editor, distribuidor, etc. Ricordi,
Fecha de publicación, distribución, etc. 1988
300 ## - DESCRIPCIÓN FÍSICA
Extensión v ;
Dimensiones grfs,; 28 cm
500 ## - NOTA GENERAL
Nota general Consta de: Guia de enseñanza, Libro 1: Fuentes sonoras. Libro 2 Estudio experimental del sonido
650 ## - PUNTO DE ACCESO ADICIONAL DE MATERIA--TÉRMINO DE MATERIA
Término de materia o nombre geográfico como elemento de entrada Musica
650 ## - PUNTO DE ACCESO ADICIONAL DE MATERIA--TÉRMINO DE MATERIA
Término de materia o nombre geográfico como elemento de entrada Educacion Musical
650 ## - PUNTO DE ACCESO ADICIONAL DE MATERIA--TÉRMINO DE MATERIA
Término de materia o nombre geográfico como elemento de entrada Apreciacion Musical
9 (RLIN) 842
700 ## - ENTRADA AGREGADA--NOMBRE PERSONAL
Nombre de persona Espinosa, Susana
9 (RLIN) 3620
700 ## - ENTRADA AGREGADA--NOMBRE PERSONAL
Nombre de persona Malbrán, Silvia
9 (RLIN) 3621
942 ## - ELEMENTOS DE ENTRADA SECUNDARIOS (KOHA)
Tipo de ítem Koha Colección General
Holdings
Estatus retirado Estado de pérdida Estado de daño No para préstamo Biblioteca de origen Biblioteca actual Fecha de adquisición Número de inventario Total de préstamos Signatura topográfica completa Código de barras Visto por última vez Precio de reemplazo Tipo de ítem Koha
        Biblioteca Pluis Biblioteca Pluis 27/10/2025 040355   780.15 M29r 040355 27/10/2025 27/10/2025 Colección General
        Biblioteca Pluis Biblioteca Pluis 27/10/2025 040354   780.15 M29r 040354 27/10/2025 27/10/2025 Colección General